Encyclopaedia of Islamic architecture (Record no. 7997)

000 -LEADER
fixed length control field 00369nam a22001457a 4500
003 - CONTROL NUMBER IDENTIFIER
control field OSt
005 - DATE AND TIME OF LATEST TRANSACTION
control field 20200616150147.0
008 - FIXED-LENGTH DATA ELEMENTS--GENERAL INFORMATION
fixed length control field 200616b ||||| |||| 00| 0 eng d
020 ## - INTERNATIONAL STANDARD BOOK NUMBER
International Standard Book Number 09788180902932
082 ## - DEWEY DECIMAL CLASSIFICATION NUMBER
Classification number 720.917
Item number KHW
100 ## - MAIN ENTRY--PERSONAL NAME
Personal name Khwaja G S
245 ## - TITLE STATEMENT
Title Encyclopaedia of Islamic architecture
260 ## - PUBLICATION, DISTRIBUTION, ETC. (IMPRINT)
Place of publication, distribution, etc Delhi
Name of publisher, distributor, etc Bharatiya Kala Prakashan
Date of publication, distribution, etc 2012
942 ## - ADDED ENTRY ELEMENTS (KOHA)
Source of classification or shelving scheme
Holdings
Withdrawn status Lost status Source of classification or shelving scheme Damaged status Koha normalized classification for sorting Not for loan Permanent location Current location Date acquired Full call number Barcode Date last seen Price effective from Koha item type
        720_917000000000000_KHW   BMS College of Architecture, Design and Planning BMS College of Architecture, Design and Planning 2020-06-16 720.917 KHW AR-UG1641 2020-06-16 2020-06-16 UG Books
Copyright © 2025, The Librarian, Library and Information Centre, BMSCA D&P, Bengaluru. All Rights Reserved
web counter

Powered by Koha